Den'gi i kredit ježemesjačnyj teoretičeskij naučno-praktičeskij žurnal gosudarstvennogo banka SSSR

Salvato in:
Dettagli Bibliografici
Natura: Periodico
Lingua:russo
Pubblicazione: Moskva Finansy i statistika 1985
Tags: Aggiungi Tag
Nessun Tag, puoi essere il primo ad aggiungerne!!

MARC

LEADER 00000nas2a2200000 4500
001 s105581
005 20250730114157.1
041 0 |a rus 
044 |a RU 
245 1 0 |a Den'gi i kredit  |b ježemesjačnyj teoretičeskij naučno-praktičeskij žurnal gosudarstvennogo banka SSSR 
264 1 |a Moskva  |b Finansy i statistika  |c 1985 
300 |a 1 zv. 
773 0 |w eu_un_cat*s120626